| 000 | 01493nam a22001577a 4500 | ||
|---|---|---|---|
| 041 | _aukr | ||
| 080 | _a09 | ||
| 090 | _bПАП | ||
| 100 | _aПапсуєва А.О. | ||
| 245 | _aНевербальні компоненти спілкування в контексті політичних промов | ||
| 260 |
_aОстрог _bКАФ _c2010 |
||
| 300 | _a45 | ||
| 520 |
_aВСТУП
РОЗДІЛ 1 ПОНЯТТЯ КОМУНІКАЦІЇ
1.1 Комунікація як складова суспільства.
1.2 Усна, письмова та друкована комунікація.
1.3 Вербальний та невербальний різновиди комунікації.
1.4 Барєри спілкування та інші класифікації комунікації.
РОЗДІЛ 2 НЕВЕРБАЛЬНІ КОМПОНЕНТИ СПІЛКУВАННЯ
2.1 Невербальні засоби комунікації з точки зору паралінгвістики.
2.1.1 Акустичні характеристики невербального спілкування.
2.1.2 Кінесичні характеристики невербального спілкування.
2.2 Жести у системі невербальних засобів комунікації.
2.2.1 Види жестів.
2.2.2 Роль жестів _0комунікація,невербальне спілкування,промови |
||
| 650 | _aResearch Papers | ||
| 999 |
_c284224 _d284224 |
||
| 942 | _cBK | ||